000 00315nam a2200133Ia 4500
100 _aKai/ Hwang/ Briggs
942 _cBK
654 _aComputer
245 _aComputer Architecture and parallel processing
260 _bMcGraw - Hill
_aNew Delhi
_c1984
082 _a1.64
_bHWA
300 _a846
546 _aENGLISH
999 _c29006
_d29006